000 01198nam a2200325 a 4500
001 000024771
005 20250711124154.0
008 110203s1993 mx r 000 | spa d
020 _a9686640770
040 _aDO-SdBNP
_bspa
_cBNPHU
082 _a370.19
_bT829e
100 1 _aTrilla Bernet, Jaume
_950842
245 1 3 _aLa educación fuera de la escuela :
_bámbitos no formales y educación social /
_cJaume Trilla Bernet; colaboración Begoña Gros Salvat, Fernando López Palma, María Jesús Martín García.
260 _aMéxico, D. F. :
_bEditorial Ariel,
_c1993.
300 _a276 p. ;
_c21 cm.
490 1 _aAriel
504 _aIncluye referencias bibliográficas : p. 251-270
500 _aIncluye notas : p. 227-250
650 4 _aEducación comunitaria
_950843
650 4 _aEducación no formal
_950844
650 0 _aPlanificación educativa
_917484
650 4 _aUniversidad a distancia
_934221
650 4 _aEducación abierta
_950845
700 1 _aTorner , Florentino M.
_etr.
_950846
700 1 _aGros Salvat, Begoña
_950847
700 1 _aLópez Palma, Fernando
_950848
700 1 _aMartín García, María Jesús
_950849
830 0 _aAriel
_933302
049 _aBNGR
999 _c24264
_d24264